| 000 | 00600nam a22001815a 4500 | ||
|---|---|---|---|
| 005 | 20250502125132.0 | ||
| 008 | 861002|1987 ||| 000 0 eng | ||
| 020 | _a0571146449 | ||
| 082 | _a616.1 | ||
| 245 | 1 | 0 |
_aCash's textbook of chest, heart and vascular disorders for physiotherapists / _cedited by Patricia A. Downie ; with D.M. Innocenti and S.E. Jackson. |
| 250 | _a4th ed. | ||
| 260 |
_aNew Delhi _bJaypee Brothers _c1987. |
||
| 650 | _vPhysiotherapy | ||
| 906 |
_a7 _bibc _corignew _d3 _eopcn _f19 _gy-gencatlg |
||
| 942 | _cBK | ||
| 999 |
_c248872 _d248872 |
||